Field Museum of Natural History : (Registro nro. 16901)

Detalles MARC
000 -CABECERA
Campo de control 00662aasaa2200193 4500
005 - FECHA Y HORA DE LA ULTIMA TRANSACCION
Campo de control 20200130082714.0
008 - ELEMENTOS DE LONGITUD FIJA—INFORMACION GENERAL
Campo de control 180503t1910 -usa||||r|||| 00| 0 eng d
040 ## - FUENTE DE CATALOGACIÓN
Agencia catalogadora original CO-BoIAVH
Agencia transcriptora CO-BoIAVH
041 0# - IDIOMA
Código de idioma para texto/pista de sonido o título separado Inglés
044 ## - PAÍS DE PUBLICACIÓN
País de publicación Estados Unidos
090 ## - CLASIFICACIÓN LOCAL
Colección SE
245 10 - MENCION DE TITULO
Título Field Museum of Natural History :
Parte restante del título Zoological series
260 ## - PUBLICACION, DISTRIBUCION, ETC. (PIE DE IMPRENTA)
Lugar de publicación, distribución, etc. Chicago (Estados Unidos) :
Nombre del editor, distribuidor, etc. Field Museum of Natural History,
Fecha de publicación, distribución, etc. 1910-.
300 ## - DESCRIPCION FISICA
Otros detalles físicos ilustraciones ;
Dimensiones 24 cm.
650 26 - ASIENTO SECUNDARIO DE MATERIA - TERMINO TEMATICO
Término temático o nombre geográfico como elemento de entrada Zoología
Subdivisión geográfica América
Subdivisión de forma Publicaciones periódicas
9 (RLIN) 90992
650 26 - ASIENTO SECUNDARIO DE MATERIA - TERMINO TEMATICO
Término temático o nombre geográfico como elemento de entrada Animales
Subdivisión de forma América
Subdivisión general Publicaciones periódicas
9 (RLIN) 90993
710 2# - ASIENTO SECUNDARIO - NOMBRE CORPORATIVO
Nombre corporativo o de jurisdicción como elemento de entrada Field Museum of Natural History
Lugar de la reunión (Chicago)
9 (RLIN) 90994
942 ## - ELEMENTOS ADICIONALES (KOHA)
Tipo de ítem Periodica o revista
Sistema de clasificación Local
Existencias
Withdrawn status Lost status Sistema de Clasificación Damaged status No para préstamo Colección Fecha publicación (Año) Volumen revista Número revista Inventariado Ubicación Permanente Ubicación actual Fecha de adquisición Fuente de adquisición Precio Datos de publicación Seriada Total Checkouts Número topográfico Inventario / Código de Barras Date last seen Ejemplar Price effective from Forma de adquisición Tipo de material
    Local     Hemeroteca 1910 10 4 Inventariado 2018 Bogotá Bogotá 15/03/2001 Desconocido 50000.00 Vol 10, Nro 4 (20/10/1910)   SE 009865 25/03/2015 Ej. 1 25/03/2015 Donación Periodica o revista
    Local     Hemeroteca 1929 17 4 Inventariado 2017 Bogotá Bogotá 15/03/2001 Desconocido 50000.00 Vol 17, Nro 4 (24/10/1929)   SE 009866 25/03/2015 Ej. 1 25/03/2015 Donación Periodica o revista
    Local     Hemeroteca 1931 18 5 Inventariado 2017 Bogotá Bogotá 15/03/2001 Desconocido 50000.00 Vol 18, Nro 5 (03/08/1931)   SE 009867 25/03/2015 Ej. 1 25/03/2015 Donación Periodica o revista